The real world war : the coming battle for the new global economy and why we are in danger of losing /

Bibliographic Details
Main Author: Lewis, Hunter
Other Authors: Allison, Donald
Format: Book
Language:English
Published: New York : Coward, McCann & Geoghegan, [1982]
Subjects:

MARC

Tag First Indicator Second Indicator Subfields
LEADER 00000cam a22000008a 4500
001 in00000086297
005 20151008062638.0
008 811201s1982 nyu b 00110 eng
010 |a  81019548  
020 |a 0698111222 :  |c $14.95 
035 |a (OCoLC)08032401 
035 |9 AAK0656AM 
039 0 |a 2  |b 3  |c 3  |d 3  |e 3 
040 |a DLC  |c DLC  |d TXA  |d UtOrBLW 
043 |a n-us--- 
049 |a TXAM  |c [1673453] 
050 0 0 |a HC110 T4  |b  L49 1982 
082 0 |a 337.73  |2 19 
092 |a 337.73  |b L 
100 1 |a Lewis, Hunter. 
245 1 4 |a The real world war :  |b the coming battle for the new global economy and why we are in danger of losing /  |c Hunter Lewis & Donald Allison. 
263 |a 8205 
264 1 |a New York :  |b Coward, McCann & Geoghegan,  |c [1982] 
264 4 |c ©1982 
300 |a 276 pages ;  |c 22 cm. 
336 |a text  |b txt  |2 rdacontent 
337 |a unmediated  |b n  |2 rdamedia 
338 |a volume  |b nc  |2 rdacarrier 
500 |a Includes index. 
504 |a Bibliography: pages [249]-270. 
650 0 |a Technological innovations  |z United States. 
650 0 |a Competition, International. 
700 1 |a Allison, Donald. 
999 |a MARS 
999 f f |s 3a205a72-ab02-3f2b-bc35-728498d8642e  |i 34b733dd-ef3e-3e24-aaa7-e6fb22e0bd7c  |t 0 
952 f f |p ric  |a Texas A&M University  |b Rellis Campus  |c Joint Library Facility  |d Remote Storage  |t 0  |e HC110 T4 L49 1982  |h Library of Congress classification  |i unmediated -- volume  |m A14805956677 
952 f f |a Texas A&M University  |b College Station  |c Sterling C. Evans Library  |d Halbouty Reading Rm (Halbouty Bldg 173) (Does not check out)  |t 0  |e 337.73 L  |h Dewey Decimal classification 
998 f f |a HC110 T4 L49 1982  |t 0  |l Remote Storage 
998 f f |a 337.73 L  |t 0  |l Halbouty Reading Rm (Halbouty Bldg 173) (Does not check out)